000 00517nam a2200169Ia 4500
003 SGT
020 _a9788187433798
082 _a628
_bBIR
100 _aBirdia,G.S
245 _aWater supply & sanitary engineering
260 _bDhanpat Rai Publishing Company
_aNew Delhi
_c2011
300 _a1038p.
650 _aCIVIL ENGINEERING
653 _aINTRODUCTION,RAINFALL AND RUNOFF,SURFACE WATER SOURCES,GROUND WATER,QUANTITY OF WATER,PUMPS AND PUMPING STATIONS,FILTRATION,
700 _aBirdie,J.S
942 _2ddc
_cBK
999 _c5272
_d5272